Optimalizácia navážania palivových nádrží v hale H3a

Saved in:
Bibliographic Details
Main Author: Zavacký, Michal (Author)
Other Authors: Jerz, Vladimír (Thesis advisor)
Format: Manuscript Book
Language:Slovak
Published: 2023
Subjects:
Online Access:http://is.stuba.sk/zp/portal_zp.pl?podrobnosti=154166
Tags: Add Tag
No Tags, Be the first to tag this record!

MARC

LEADER 00000ntm a22000003a 4500
001 stuzp90967
003 SK-STU
005 20240514091434.1
007 ta
008 150427s2015----xo-----f-mn---000-0-slo-d
040 |a STU  |b slo 
041 0 |a slo 
100 1 |a Zavacký, Michal  |u 020070  |4 aut  |U SjF Strojnícka fakulta  |T SjF Ústav výrobných systémov, enviromentálnej techniky a manažment kvality  |X 98731  |U J0070  |Y 804  |7 98731 
242 0 1 |a Optimization of the loading of fuel tanks in hall H3a  |y eng 
245 1 0 |a Optimalizácia navážania palivových nádrží v hale H3a 
260 |c 2023 
650 4 |a Optimalizácia  |2 slo 
650 4 |a JIT  |2 slo 
650 4 |a Vyťaženosť  |2 slo 
650 4 |a Optimization  |2 eng 
650 4 |a JIT  |2 eng 
650 4 |a busyness  |2 eng 
700 1 |a Jerz, Vladimír  |u 020070  |k Z1  |4 ths  |U SjF Strojnícka fakulta  |T SjF Ústav výrobných systémov, enviromentálnej techniky a manažment kvality  |X 2407  |U J0070  |Y 804  |7 A000002407 
856 4 |u http://is.stuba.sk/zp/portal_zp.pl?podrobnosti=154166 
996 |b 284J047580  |c J* 3702/DBP  |l JJSK  |s A  |a 24  |w stuzp90967_0001